Virtuális veszélyek, nyílt forráskód

Elmentve itt :
Bibliográfiai részletek
Dokumentumtípus: Cikk
Megjelent: 2009-12-18
Sorozat:IT-Business
Kulcsszavak:Karvalics László, Z.
Online Access:http://univ.bibl.u-szeged.hu/38727
LEADER 00440nab a2200157 i 4500
001 univ38727
005 20171214104209.0
008 171214s2009 hu o 0|| zxx d
040 |a SZTE UnivHistória Repozitórium  |b hun 
041 |a zxx 
245 0 0 |a Virtuális veszélyek, nyílt forráskód  |h [elektronikus dokumentum] 
260 |c 2009-12-18 
300 |a 43 
490 0 |a IT-Business 
561 |a Egyetemi hirarchívum 
695 |a Karvalics László, Z.